[Event "Sitges Sunway op 9th"]
[Site "Sitges"]
[Date "2022.12.15"]
[Round "4"]
[White "Yordanov, Lachezar"]
[Black "Rodriguez Diaz, Javier"]
[Result "1-0"]
[WhiteElo "2294"]
[BlackElo "2084"]
[PlyCount "129"]
[EventDate "2022.12.12"]
[EventType "swiss"]
[EventRounds "10"]
[EventCountry "ESP"]
[SourceTitle "CBM 211 Extra"]
[Source "ChessBase"]
[SourceDate "2023.01.31"]
[SourceVersion "1"]
[SourceVersionDate "2023.01.31"]
[SourceQuality "1"]

1. d4 Nf6 2. c4 e6 3. Nc3 Bb4 4. e3 0-0 5. Bd3 d5 6. a3 Bxc3+ 7. bxc3 dxc4 8. Bxc4 c5 9. Ne2 b6 10. 0-0 Qc7 11. Bd3 Ba6 12. e4 Bxd3 13. Qxd3 cxd4 14. cxd4 Nbd7 15. Bd2 Rac8 16. Rac1 Qb7 17. f3 Rxc1 18. Rxc1 Rc8 19. Rc3 Nb8 20. Bf4 Rxc3 21. Nxc3 Nc6 22. Be3 h6 23. h3 Ne7 24. Qc4 Qd7 25. a4 Qb7 26. Nb5 a6 27. Qc7 Qc6 28. Qxc6 Nxc6 29. Nc3 Nb4 30. Kf1 Kf8 31. Ke2 Ke8 32. g4 Kd7 33. h4 Kc6 34. h5 b5 35. axb5+ axb5 36. Kd2 Na6 37. Kc2 Nc7 38. Kb3 Ng8 39. Kb4 Nf6 40. Bf4 Nfe8 41. Ka5 Nf6 42. Bxc7 Kxc7 43. Kxb5 g6 44. e5 Ng8 45. Ne4 gxh5 46. gxh5 Kd8 47. Kc5 Kd7 48. Kc4 Ke7 49. Kd3 Kf8 50. Ke3 Ne7 51. Nf6 Kg7 52. Ke4 Kf8 53. d5 exd5+ 54. Nxd5 Nc6 55. f4 Nd8 56. Ne3 Kg7 57. Nf5+ Kh7 58. Nd4 Kg8 59. Kd5 Kf8 60. f5 Ke8 61. Kd6 Nb7+ 62. Kc6 Nd8+ 63. Kc7 Ke7 64. f6+ Ke8 65. Kc8 1-0

[Event "Barcelona Amateurs-A 03"]
[Site "Barcelona"]
[Date "2021.03.16"]
[Round "2"]
[White "Rodriguez Diaz, Javier"]
[Black "Febrero Perez, Lluis"]
[Result "1-0"]
[WhiteElo "2040"]
[BlackElo "1376"]
[PlyCount "51"]
[EventDate "2021.03.15"]
[EventType "tourn"]
[EventRounds "9"]
[EventCountry "ESP"]
[SourceTitle "CBM 201 Extra"]
[Source "ChessBase"]
[SourceDate "2021.05.31"]
[SourceVersion "1"]
[SourceVersionDate "2021.05.31"]
[SourceQuality "1"]

1. d4 Nf6 2. c4 g6 3. Nc3 d5 4. cxd5 Nxd5 5. e4 Nxc3 6. bxc3 Bg7 7. Bc4 0-0 8. Ne2 Nd7 9. e5 e6 10. h4 h5 11. g4 Nb6 12. Bd3 f5 13. gxh5 gxh5 14. Nf4 Qe8 15. Rg1 Kh7 16. Rg5 Rg8 17. Rxh5+ Bh6 18. Nh3 Rg6 19. Bg5 Nd5 20. Qd2 Qf8 21. Rb1 b6 22. c4 Ne7 23. Nf4 Bb7 24. Nxg6 Kxg6 25. Bxh6 Qg8 26. Qg5+ 1-0

[Event "Barcelona CM 02"]
[Site "Barcelona"]
[Date "2021.02.14"]
[Round "8"]
[White "Millaret Lores, Francesco"]
[Black "Rodriguez Diaz, Javier"]
[Result "1-0"]
[WhiteElo "2061"]
[BlackElo "2022"]
[PlyCount "73"]
[EventDate "2021.02.07"]
[EventType "tourn"]
[EventRounds "9"]
[EventCountry "ESP"]
[SourceTitle "EXT 2022"]
[Source "ChessBase"]
[SourceDate "2021.10.06"]
[SourceVersion "1"]
[SourceVersionDate "2021.10.06"]
[SourceQuality "1"]

1. e4 e5 2. Nf3 Nc6 3. Bc4 Bc5 4. c3 Nf6 5. d4 exd4 6. b4 Bb6 7. e5 Ne4 8. Bd5 f5 9. cxd4 Ne7 10. Bb3 d6 11. Bb2 Ng6 12. exd6 Qxd6 13. 0-0 Bd7 14. a4 a6 15. Nbd2 Qe7 16. Re1 0-0-0 17. Nc4 Ba7 18. b5 Nf4 19. b6 Bb8 20. Ba3 Qf6 21. Qc2 c6 22. Nfe5 Qg5 23. f3 Bxe5 24. Nxe5 Nd2 25. g3 Nxb3 26. Qxb3 Be6 27. Qc3 Bd5 28. Be7 Qxe7 29. Nxc6 Ne2+ 30. Rxe2 Qxe2 31. Nxd8+ Kxd8 32. Rc1 Qxf3 33. Qc7+ Ke8 34. Qe5+ Kf7 35. Rc7+ Kg6 36. Rxg7+ Kh5 37. g4+ 1-0

[Event "Sitges Sunway 7th"]
[Site "Sitges"]
[Date "2020.12.19"]
[Round "6"]
[White "Rodriguez Diaz, Javier"]
[Black "Eizaguerri Floris, Maria"]
[Result "1/2-1/2"]
[WhiteElo "2049"]
[BlackElo "2167"]
[PlyCount "145"]
[EventDate "2020.12.13"]
[EventType "swiss"]
[EventRounds "10"]
[EventCountry "ESP"]
[SourceTitle "CBM 199 Extra"]
[Source "ChessBase"]
[SourceDate "2021.01.31"]
[SourceVersion "1"]
[SourceVersionDate "2021.01.31"]
[SourceQuality "1"]

1. e4 c5 2. Nf3 e6 3. b3 d6 4. Bb2 e5 5. Bb5+ Bd7 6. Bxd7+ Qxd7 7. 0-0 Be7 8. c3 f5 9. d3 Nf6 10. Nbd2 0-0 11. Qe2 Nc6 12. Nc4 b5 13. Ne3 g6 14. Nd2 f4 15. Nd5 g5 16. d4 Rab8 17. dxc5 dxc5 18. c4 b4 19. Nf3 Nxd5 20. exd5 Nd4 21. Qe4 Nxf3+ 22. Qxf3 Qf5 23. Rfe1 Bd6 24. Qe4 Rbe8 25. f3 h5 26. Qxf5 Rxf5 27. Re4 g4 28. Kf2 Kf7 29. Rae1 Kf6 30. Ke2 Rg8 31. Kd3 h4 32. a3 bxa3 33. Bxa3 h3 34. fxg4 Rfg5 35. gxh3 Rh8 36. Kc2 Rxh3 37. Bb2 Rxh2+ 38. Kb1 Rf2 39. b4 cxb4 40. c5 Bxc5 41. Bxe5+ Kf7 42. Rc4 Bb6 43. Rxb4 Rxg4 44. d6 Be3 45. Rb7+ Ke6 46. Re7+ Kf5 47. d7 Rd2 48. Bc3 Rgg2 49. Bxd2 Rxd2 50. Re2 Rd5 51. Kc2 Kg4 52. Re1 Rd2+ 53. Kc3 Rd6 54. Rb1 Kg3 55. Rb8 Bb6 56. Rg8+ Kf2 57. Rf7 f3 58. Rgf8 Ke2 59. Re7+ Kf2 60. Kc4 Kg2 61. Rg7+ Kf2 62. Rgf7 Ke2 63. Rxf3 Rxd7 64. R3f5 Rd4+ 65. Kb5 Re4 66. R8f7 Re6 67. Rf3 Re5+ 68. Kc6 Re6+ 69. Kd5 Re8 70. Rb3 Rd8+ 71. Kc6 Rd3 72. Rxd3 Kxd3 73. Rxa7 1/2-1/2

[Event "Sitges Sunway 7th"]
[Site "Sitges"]
[Date "2020.12.17"]
[Round "5"]
[White "Calvo Gonzalez, Jose Felix"]
[Black "Rodriguez Diaz, Javier"]
[Result "0-1"]
[WhiteElo "1811"]
[BlackElo "2049"]
[PlyCount "62"]
[EventDate "2020.12.13"]
[EventType "swiss"]
[EventRounds "10"]
[EventCountry "ESP"]
[SourceTitle "CBM 199 Extra"]
[Source "ChessBase"]
[SourceDate "2021.01.31"]
[SourceVersion "1"]
[SourceVersionDate "2021.01.31"]
[SourceQuality "1"]

1. e4 e5 2. f4 Bc5 3. Nf3 d6 4. Nc3 Nf6 5. Bc4 0-0 6. d3 Ng4 7. Qe2 Bf2+ 8. Kd1 Bb6 9. Rf1 Nc6 10. h3 Nf6 11. f5 Nd4 12. Nxd4 Bxd4 13. Bg5 c6 14. g4 b5 15. Bb3 a5 16. a4 b4 17. Na2 Bxb2 18. Rb1 Bd4 19. Bh4 d5 20. g5 Ne8 21. Qh5 Qd6 22. Ke2 g6 23. fxg6 fxg6 24. Qh6 Be6 25. Bg3 Ng7 26. Rf6 Nh5 27. Bh4 Nxf6 28. gxf6 Rf7 29. Bg5 dxe4 30. h4 exd3+ 31. cxd3 e4 0-1

[Event "Barcelona Tres Peons op 16th"]
[Site "Barcelona"]
[Date "2015.02.27"]
[Round "7"]
[White "Rodriguez Diaz, Javier"]
[Black "Mansilla Lou, Lluis"]
[Result "1-0"]
[WhiteElo "1874"]
[BlackElo "2069"]
[PlyCount "67"]
[EventDate "2015.01.16"]
[EventType "swiss"]
[EventRounds "9"]
[EventCountry "ESP"]
[SourceTitle "EXT 2016"]
[Source "ChessBase"]
[SourceDate "2015.10.08"]
[SourceVersion "1"]
[SourceVersionDate "2015.10.08"]
[SourceQuality "1"]

1. d4 Nf6 2. c4 g6 3. Nc3 Bg7 4. e4 d6 5. Be2 0-0 6. Nf3 e5 7. 0-0 Nc6 8. d5 Ne7 9. b4 Nh5 10. Re1 Nf4 11. Bf1 f5 12. g3 Nh5 13. Ng5 f4 14. Bh3 Bxh3 15. Nxh3 h6 16. g4 f3 17. Kh1 Qd7 18. Rg1 Nf6 19. Rg3 Nxg4 20. Rxf3 Rxf3 21. Qxf3 Rf8 22. Qg3 g5 23. Bd2 Nf6 24. Rg1 Ng6 25. Nxg5 hxg5 26. Qxg5 Nf4 27. Bxf4 exf4 28. Qxf4 Nxd5 29. Qd2 Nxc3 30. Qxc3 Kh7 31. Qg3 Qf7 32. Rg2 Bh6 33. e5 Qg7 34. Qd3+ 1-0

[Event "Barcelona Tres Peons op 16th"]
[Site "Barcelona"]
[Date "2015.02.20"]
[Round "6"]
[White "Solsona Olive, Xavier"]
[Black "Rodriguez Diaz, Javier"]
[Result "0-1"]
[WhiteElo "1983"]
[BlackElo "1874"]
[PlyCount "106"]
[EventDate "2015.01.16"]
[EventType "swiss"]
[EventRounds "9"]
[EventCountry "ESP"]
[SourceTitle "EXT 2016"]
[Source "ChessBase"]
[SourceDate "2015.10.08"]
[SourceVersion "1"]
[SourceVersionDate "2015.10.08"]
[SourceQuality "1"]

1. e4 e5 2. Nf3 Nc6 3. d4 exd4 4. Nxd4 Nf6 5. Nxc6 bxc6 6. Bd3 d5 7. exd5 cxd5 8. 0-0 Be7 9. Bg5 0-0 10. Nc3 c6 11. h3 Bd6 12. Qf3 Be6 13. Rfe1 Rb8 14. Rab1 c5 15. Bxf6 Qxf6 16. Qxf6 gxf6 17. Red1 Be5 18. Be2 d4 19. Na4 c4 20. Bg4 Rfd8 21. Bxe6 fxe6 22. Nc5 Rd5 23. Ne4 Ra5 24. a3 Rab5 25. b4 cxb3 26. cxb3 Rxb3 27. Rxb3 Rxb3 28. Nc5 Rb5 29. Nxe6 Kf7 30. Nd8+ Ke8 31. Nc6 a5 32. Nxe5 fxe5 33. f4 Rd5 34. fxe5 Ke7 35. Kf2 Ke6 36. Kf3 Kxe5 37. g4 Rb5 38. Re1+ Kd5 39. Kf4 Rb3 40. Re5+ Kc4 41. Rxa5 Rxh3 42. Ra8 d3 43. Rc8+ Kb3 44. Rd8 Kc2 45. Rc8+ Kd2 46. a4 Re3 47. a5 Ke2 48. Rd8 Re7 49. Rb8 d2 50. Rb2 Ke1 51. Rxd2 Kxd2 52. Kf5 Ke3 53. Kf6 Ra7 0-1

[Event "Barcelona Tres Peons op 16th"]
[Site "Barcelona"]
[Date "2015.02.13"]
[Round "5"]
[White "Rodriguez Diaz, Javier"]
[Black "Salgado Cea, Gorka"]
[Result "1/2-1/2"]
[WhiteElo "1874"]
[BlackElo "2036"]
[PlyCount "92"]
[EventDate "2015.01.16"]
[EventType "swiss"]
[EventRounds "9"]
[EventCountry "ESP"]
[SourceTitle "EXT 2016"]
[Source "ChessBase"]
[SourceDate "2015.10.08"]
[SourceVersion "1"]
[SourceVersionDate "2015.10.08"]
[SourceQuality "1"]

1. d4 Nf6 2. c4 d5 3. cxd5 Nxd5 4. Nf3 e6 5. e4 Nf6 6. Nc3 Be7 7. Bc4 c5 8. e5 Nd5 9. Nxd5 exd5 10. Bd3 c4 11. Bc2 Bg4 12. h3 Bh5 13. Bd2 b5 14. b3 Nc6 15. bxc4 dxc4 16. Be3 Qa5+ 17. Kf1 Qc7 18. Qb1 b4 19. g4 Bg6 20. Bxg6 hxg6 21. d5 Nxe5 22. Bf4 Nxf3 23. Bxc7 Nd2+ 24. Kg2 Nxb1 25. Raxb1 Kd7 26. Rhe1 a5 27. Re4 Rhc8 28. Be5 f6 29. Bf4 g5 30. Rbe1 Bf8 31. Bc1 Re8 32. Re6 c3 33. R1e4 Re7 34. f4 Rxe6 35. dxe6+ Kd6 36. fxg5 fxg5 37. Bxg5 Re8 38. Bf4+ Kd5 39. Re5+ Kd4 40. Kf3 a4 41. Re4+ Kd5 42. Re5+ Kc6 43. Re4 Be7 44. Ke2 Rd8 45. g5 Kd5 46. Kd3 Kc5+ 1/2-1/2

[Event "Sunningdale e2e4 op 05"]
[Site "Ascot"]
[Date "2014.05.25"]
[Round "5"]
[White "Yiamakis, Albert"]
[Black "Rodriguez Diaz, Javier"]
[Result "1-0"]
[WhiteElo "1729"]
[BlackElo "1867"]
[PlyCount "149"]
[EventDate "2014.05.23"]
[EventType "swiss"]
[EventRounds "7"]
[EventCountry "ENG"]
[SourceTitle "CBM 160 Extra"]
[Source "ChessBase"]
[SourceDate "2014.07.01"]
[SourceVersion "1"]
[SourceVersionDate "2014.07.01"]
[SourceQuality "1"]

1. b3 Nf6 2. Bb2 e6 3. e3 d5 4. c4 Be7 5. cxd5 exd5 6. Nf3 0-0 7. Be2 b6 8. 0-0 Bb7 9. d3 c5 10. Nbd2 Nc6 11. Rc1 Rc8 12. d4 Bd6 13. Ne5 Re8 14. f4 Qe7 15. Bd3 cxd4 16. exd4 Nb4 17. Rxc8 Rxc8 18. Bb1 Qc7 19. Rf3 Ne4 20. Rh3 f6 21. Qh5 h6 22. Qg6 fxe5 23. Rxh6 Nf6 24. fxe5 Bxe5 25. Bf5 Re8 26. dxe5 Qc5+ 27. Kh1 Rxe5 28. Nf3 d4 29. Nxe5 Qxe5 30. h4 Qe1+ 31. Kh2 Qe5+ 32. Kg1 Qe3+ 33. Kh2 Qxh6 34. Qg3 Qe3 35. Qb8+ Qe8 36. Be6+ Kh7 37. Qd6 Nc6 38. Bd5 Nxd5 39. Qxd5 Qe5+ 40. Qxe5 Nxe5 41. Bxd4 Nc6 42. Bc3 b5 43. b4 Kg8 44. g4 Bc8 45. Kg3 Kf7 46. Kf4 Ne7 47. Bd2 Ng6+ 48. Kg5 Ne5 49. Be3 a6 50. h5 Be6 51. a3 Nxg4 52. Bd4 Nh6 53. Bc3 Nf5 54. Bd2 Bc8 55. Bc3 Ke6 56. Kg6 Bd7 57. Bb2 Be8+ 58. Kg5 Bd7 59. Bxg7 Nxg7 60. h6 Kf7 61. h7 Ne6+ 62. Kh6 Ke7 63. h8Q Kd6 64. Kg6 Kc7 65. Kf6 Nd4 66. Ke7 Nc6+ 67. Kf6 Kb6 68. Qh2 a5 69. Qf2+ Ka6 70. bxa5 Nxa5 71. Ke7 Bc6 72. Kd6 Bb7 73. Kc7 Nc4 74. Qc5 Bh1 75. a4 1-0